| 000 | 02575nam a2200277 a 4500 | ||
|---|---|---|---|
| 001 | 000048769 | ||
| 005 | 20240228133748.0 | ||
| 008 | 190411s2016 dr 000 0 spa d | ||
| 020 | _a9789945897692 | ||
| 040 |
_aDO-SdBNP _bspa _cBNPHU |
||
| 082 |
_axxxx _bC794a |
||
| 100 | 1 |
_aCordero Carrillo, Francisco Febres _976223 |
|
| 245 | 1 | 0 |
_aEntre Estado y Nación : _bla anexión y la guerra de restauración dominicana, 1861-1865. Una visión del Caribe hispano en el siglo XIX / _cFrancisco Febres-Cordero Carrillo ; presentación Santiago Castro Ventura ; edición Jesús R. Navarro Zerpa. |
| 260 |
_aSanto Domingo : _bAcademia Dominicana de la Historia, _c2016. |
||
| 300 |
_a205 p. ; _c24 cm. |
||
| 490 | 1 |
_aAcademia Dominicana de la Historia _v135 |
|
| 500 | _aIncluye referencias bibliográficas y notas al pie de las páginas | ||
| 500 | _aIncluye datos biográficos del autor en la solapa de la contracubierta | ||
| 500 | _aÍndice onomásticos | ||
| 504 | _aBibliografía : p. 187-190 | ||
| 505 | 0 |
_aPresentación -- _tIntroducción -- _tPerfil y bosquejo histórico -- _tLa República Dominicana -- _tEspaña -- _tProlegómenos de la anexión -- _tCuba Y Puerto Rico en las postrimerías del imperio del ultramar español -- _tEl problema haitiano -- _tHacia el reconocimiento español del estado dominicano -- _tUn balance geopolítico de España en el Caribe -- _tGiro en las relaciones dominico-hispanas -- _tEl reconocimiento español de la República Dominicana -- _tDiscurso de la anexión -- _tDel centro a la periferia: discurso metropolitano versus discurso colonial -- _tRomanticismo y política exterior isabelina -- _tEl imperialismo decimonónico y la España isabelina -- _tLa toma militar de Santo Domingo -- _tNegociaciones preparativas de la anexión -- _tLa marina de guerra española en Santo Domingo -- _tEl acuerdo Santana-Serrano -- _tLos primeros días de España en Santo Domingo -- _tLa oposición antianexionista. El incidente diplomático con Haití -- _tReflexión teórica sobre el movimiento de la restauración dominicana -- _tCompresión histórica de la nación dominicana -- _tLa administración española en Santo Domingo -- _tIdeología de la restauración dominicana -- _tLa guerra de restauración desde las filas españolas -- _tLos primeros levantamientos insurgentes -- _tLa caída de Santiago -- _tLa campaña del Sur -- _tLa toma de Montecristi -- |
|
| 590 | _aInventariado, 2019/LP | ||
| 700 | 1 |
_aNavarro Zerpa, Jesús R. _eed. _973422 |
|
| 700 | 1 |
_aCastro Ventura, Santiago _ePresent. _91837 |
|
| 830 |
_aAcademia Dominicana de la Historia _9770 |
||
| 999 |
_c48257 _d48257 |
||